[Event "DEM U12 2016"]
[Site "Willingen GER"]
[Date "2016.05.20"]
[Round "9"]
[White "Köllner, Ruben Gideon"]
[Black "Trifan, Andrei Ioan"]
[Result "1-0"]
[Termination "normal"]
[Board "1"]
[WhiteElo "2087"]
[BlackElo "2099"]
[WhiteClock "00:03:30"]
[BlackClock "00:01:12"]
[PlyCount "79"]
[WhiteFideId "12993093"]
[BlackFideId "12967068"]
[EventCountry "GER"]
[EventRounds "11"]
[EventType "swiss"]
[EventDate "2016.05.14"]

1. d4 d5 2. Nf3 Nf6 3. e3 e6 4. Bd3 c5 5. c3 Nc6 6. Nbd2 Bd6 7. O-O O-O 8. dxc5
Bxc5 9. e4 Qc7 10. exd5 exd5 11. Nb3 Bb6 12. Nbd4 Re8 13. Qc2 Bg4 14. Bg5 Ne4
15. Qc1 Nxd4 16. Nxd4 Rac8 17. Qf4 Qd7 18. Bb5 Rc6 19. Bxc6 bxc6 20. f3 c5 21.
Nb3 f6 22. Qxg4 Qxg4 23. fxg4 fxg5 24. Rfe1 d4 25. Nd2 dxc3 26. Nxe4 c4+ 27.
Kh1 cxb2 28. Rab1 c3 29. Nf6+ gxf6 30. Rxe8+ Kf7 31. Re2 Bd4 32. g3 Be5 33. Kg2
Ke6 34. Rd1 Kf7 35. Kf3 Bd6 36. Ke4 Bb4 37. Kd3 h5 38. Kc2 Kg6 39. Rf1 Ba5 40.
Ref2 1-0

[Event "DEM U12 2016"]
[Site "Willingen GER"]
[Date "2016.05.20"]
[Round "9"]
[White "Wu, Leon"]
[Black "Nguyen, Alex Dac-Vuong"]
[Result "0-1"]
[Termination "normal"]
[Board "2"]
[WhiteElo "1743"]
[BlackElo "1899"]
[WhiteClock "00:10:21"]
[BlackClock "01:02:50"]
[PlyCount "132"]
[WhiteFideId "12977438"]
[BlackFideId "12984388"]
[EventCountry "GER"]
[EventRounds "11"]
[EventType "swiss"]
[EventDate "2016.05.14"]

1. e4 e6 2. d4 d5 3. Nc3 Nf6 4. e5 Nfd7 5. f4 c5 6. Nf3 Nc6 7. Be3 Be7 8. Be2
O-O 9. O-O f6 10. Kh1 fxe5 11. fxe5 cxd4 12. Bxd4 Qc7 13. Nb5 Qb8 14. c4 dxc4
15. Bxc4 Ndxe5 16. Nxe5 Nxe5 17. Bxe5 Qxe5 18. Re1 Qf4 19. Bxe6+ Bxe6 20. Rxe6
Bc5 21. Re1 Rad8 22. Qb3+ Kh8 23. Rac1 a6 24. h3 Bf2 25. Rf1 axb5 26. Qxb5 Qg3
27. Qb4 b6 28. Rcd1 Bc5 29. Rxd8 Rxd8 30. Qe1 Qxe1 31. Rxe1 Bf2 32. Rb1 Bg3 33.
Kg1 Rd2 34. Kf1 Kg8 35. a4 Be5 36. b3 Kf7 37. Re1 Bc3 38. Re3 Rd1+ 39. Ke2 Re1+
40. Kd3 Rxe3+ 41. Kxe3 Ke6 42. Kd3 Be1 43. Ke4 h5 44. Ke3 h4 45. Ke4 g5 46. Ke3
Kd5 47. Ke2 Bb4 48. Kd3 Bc5 49. Kc3 Ke4 50. b4 Bg1 51. a5 bxa5 52. bxa5 Kf4 53.
Kd3 Kg3 54. Ke4 Kxg2 55. Kf5 Kxh3 56. Kxg5 Kg3 57. Kf5 h3 58. a6 h2 59. a7 h1=Q
60. Kg5 Qd5+ 61. Kg6 Bxa7 62. Kh6 Qe6+ 63. Kh7 Qf6 64. Kg8 Qe7 65. Kh8 Bd4+ 66.
Kg8 Qg7# 0-1

[Event "DEM U12 2016"]
[Site "Willingen GER"]
[Date "2016.05.20"]
[Round "9"]
[White "Kölle, Tobias"]
[Black "Bethke, Richard"]
[Result "0-1"]
[Termination "normal"]
[Board "3"]
[WhiteElo "1714"]
[BlackElo "1844"]
[WhiteClock "00:36:47"]
[BlackClock "00:34:25"]
[PlyCount "100"]
[WhiteFideId "16207378"]
[BlackFideId "12959243"]
[EventCountry "GER"]
[EventRounds "11"]
[EventType "swiss"]
[EventDate "2016.05.14"]

1. d4 Nf6 2. c4 e6 3. Nc3 Bb4 4. Nf3 O-O 5. Bg5 d5 6. e3 c6 7. a3 Bxc3+ 8. bxc3
Qa5 9. Qc2 Ne4 10. Be7 Re8 11. Bb4 Qc7 12. a4 Nd7 13. Bd3 f5 14. O-O a5 15. Ba3
b6 16. cxd5 cxd5 17. c4 Ba6 18. cxd5 Qxc2 19. Bxc2 exd5 20. Bb3 Ndf6 21. Rfc1
Rac8 22. h3 Nc3 23. Kh2 Nce4 24. Ra2 Rxc1 25. Bxc1 Rc8 26. Rc2 Nxf2 27. Ba3
Rxc2 28. Bxc2 Bd3 29. Bxd3 Nxd3 30. Ne5 Nxe5 31. dxe5 Nd7 32. Bd6 Nc5 33. Kg3
Kf7 34. Kf4 Ke6 35. Bf8 Nxa4 36. Bxg7 b5 37. Kg5 b4 38. Bf8 b3 39. Ba3 b2 40.
Bxb2 Nxb2 41. Kh6 a4 42. Kxh7 a3 43. h4 a2 44. h5 a1=Q 45. h6 Qa7+ 46. Kg8 Qf7+
47. Kh8 Kxe5 48. e4 Kxe4 49. g3 Kf3 50. g4 Kxg4 0-1

[Event "DEM U12 2016"]
[Site "Willingen GER"]
[Date "2016.05.20"]
[Round "9"]
[White "Post, Hugo"]
[Black "Kotyk, Michael"]
[Result "1-0"]
[Termination "normal"]
[Board "4"]
[WhiteElo "1869"]
[BlackElo "1818"]
[WhiteClock "00:12:37"]
[BlackClock "00:06:00"]
[PlyCount "113"]
[WhiteFideId "12962490"]
[BlackFideId "16214501"]
[EventCountry "GER"]
[EventRounds "11"]
[EventType "swiss"]
[EventDate "2016.05.14"]

1. e4 e5 2. Nf3 Nc6 3. Bc4 Bc5 4. O-O d6 5. c3 a6 6. d4 exd4 7. cxd4 Ba7 8. Nc3
Bg4 9. h3 Bh5 10. g4 Bg6 11. e5 Qd7 12. e6 fxe6 13. Bxe6 Qxe6 14. Re1 Ne5 15.
Nxe5 O-O-O 16. Nc6 Qf6 17. Nxd8 Bxd4 18. Be3 Bxe3 19. Rxe3 Qxd8 20. Nd5 h5 21.
g5 c6 22. Rc1 Kb8 23. Nb4 Ne7 24. Re6 d5 25. Qb3 Ka8 26. Qa3 a5 27. Nc2 Re8 28.
b4 Bf5 29. Re3 d4 30. Re5 b6 31. bxa5 b5 32. Nxd4 Qxd4 33. Rxe7 Rxe7 34. Qxe7
Bxh3 35. Qe8+ Ka7 36. Qxc6 Qg4+ 37. Kh1 Qxg5 38. Qc7+ Ka8 39. Qc6+ Kb8 40. Re1
Bc8 41. Qd6+ Ka7 42. Qg3 Bb7+ 43. Kh2 Qd5 44. Qg6 Qd7 45. Qb6+ Ka8 46. a6 Bc6
47. Rd1 Bd5 48. a7 Qb7 49. Qd8+ Kxa7 50. Qxd5 Qc7+ 51. Qd6 Qc2 52. Qd7+ Ka6 53.
Rd6+ Ka5 54. Qa7+ Kb4 55. a3+ Kb3 56. Qe3+ Ka4 57. Ra6# 1-0

[Event "DEM U12 2016"]
[Site "Willingen GER"]
[Date "2016.05.20"]
[Round "9"]
[White "Sulayev, Daniel"]
[Black "Hoffmann, Simon"]
[Result "1-0"]
[Termination "normal"]
[Board "5"]
[WhiteElo "1791"]
[BlackElo "1710"]
[WhiteClock "01:17:03"]
[BlackClock "00:17:18"]
[PlyCount "93"]
[WhiteFideId "12977675"]
[BlackFideId "12979686"]
[EventCountry "GER"]
[EventRounds "11"]
[EventType "swiss"]
[EventDate "2016.05.14"]

1. e4 e5 2. Nf3 Nc6 3. Bb5 a6 4. Ba4 Nf6 5. O-O Nxe4 6. Re1 Nc5 7. Bxc6 dxc6 8.
d4 Ne6 9. dxe5 Qxd1 10. Rxd1 Bc5 11. c3 O-O 12. Nd4 Rd8 13. Be3 Bxd4 14. cxd4
Nxd4 15. Rxd4 Re8 16. Nc3 Be6 17. Rad1 h6 18. h3 Rab8 19. f4 b6 20. Bf2 Kf8 21.
Bh4 c5 22. Rd8 Rbxd8 23. Rxd8 c4 24. Kf2 f5 25. Ke3 b5 26. Kd4 b4 27. Na4 c6
28. Nc5 Bd5 29. Rxe8+ Kxe8 30. Nxa6 b3 31. axb3 cxb3 32. Nc7+ Kd7 33. Nxd5 cxd5
34. Kxd5 g6 35. e6+ Ke8 36. Bf6 Kf8 37. h4 Ke8 38. g3 h5 39. Kd6 g5 40. hxg5 h4
41. gxh4 Kf8 42. Kd7 Kg8 43. e7 Kh7 44. h5 Kg8 45. e8=Q+ Kh7 46. g6+ Kh6 47.
Qh8# 1-0

[Event "DEM U12 2016"]
[Site "Willingen GER"]
[Date "2016.05.20"]
[Round "9"]
[White "Dobrikov, Marco"]
[Black "Wu, Luka"]
[Result "1/2-1/2"]
[Termination "normal"]
[Board "6"]
[WhiteElo "1943"]
[BlackElo "1777"]
[WhiteClock "00:17:40"]
[BlackClock "00:24:07"]
[PlyCount "57"]
[WhiteFideId "12950378"]
[BlackFideId "12977420"]
[EventCountry "GER"]
[EventRounds "11"]
[EventType "swiss"]
[EventDate "2016.05.14"]

1. Nf3 d5 2. d4 Nf6 3. c4 e6 4. g3 Be7 5. Bg2 O-O 6. Qc2 dxc4 7. Qxc4 a6 8. O-O
b5 9. Qc2 Bb7 10. Nbd2 Nbd7 11. b3 c5 12. Bb2 Rc8 13. Qd1 Qb6 14. Rc1 Rfd8 15.
e3 cxd4 16. Nxd4 Rxc1 17. Qxc1 Rc8 18. Qb1 Bxg2 19. Kxg2 Qb7+ 20. Kg1 Bb4 21.
Rd1 Rc5 22. Qd3 Rh5 23. Qe2 Rh6 24. Qf3 Qxf3 25. N2xf3 Rh5 26. Nc6 Rd5 27. Rxd5
Nxd5 28. Nxb4 Nxb4 29. a3 1/2-1/2

[Event "DEM U12 2016"]
[Site "Willingen GER"]
[Date "2016.05.20"]
[Round "9"]
[White "Astner, Sebastian"]
[Black "Grund, Sebastian"]
[Result "1-0"]
[Termination "normal"]
[Board "7"]
[WhiteElo "1712"]
[BlackElo "1773"]
[WhiteClock "00:08:17"]
[BlackClock "00:00:53"]
[PlyCount "69"]
[WhiteFideId "12979422"]
[BlackFideId "12988626"]
[EventCountry "GER"]
[EventRounds "11"]
[EventType "swiss"]
[EventDate "2016.05.14"]

1. e4 c5 2. Nc3 Nc6 3. g3 g6 4. d3 Bg7 5. Be3 d6 6. Bg2 Nd4 7. Qd2 Nf6 8. h3
O-O 9. Nd1 e5 10. c3 Nc6 11. Ne2 Qe7 12. Bh6 Be6 13. Bxg7 Kxg7 14. Ne3 Qd8 15.
f4 exf4 16. gxf4 Ne7 17. O-O-O Nh5 18. Bf3 Nf6 19. Rdg1 Kh8 20. h4 Rg8 21. Ng4
Nxg4 22. Bxg4 f5 23. Bf3 d5 24. e5 Bf7 25. Qe3 d4 26. Qd2 Rb8 27. Ng3 Qe8 28.
Qe2 Nc6 29. h5 gxh5 30. Bxh5 Bxh5 31. Nxh5 Qe6 32. Nf6 Rxg1+ 33. Rxg1 Rf8 34.
Qg2 Qf7 35. Rh1 1-0

[Event "DEM U12 2016"]
[Site "Willingen GER"]
[Date "2016.05.20"]
[Round "9"]
[White "Musiolik, David"]
[Black "Lutz, Ruben"]
[Result "1/2-1/2"]
[Termination "normal"]
[Board "8"]
[WhiteElo "1643"]
[BlackElo "1693"]
[WhiteClock "00:28:52"]
[BlackClock "00:00:53"]
[PlyCount "78"]
[WhiteFideId "12972355"]
[BlackFideId "12975974"]
[EventCountry "GER"]
[EventRounds "11"]
[EventType "swiss"]
[EventDate "2016.05.14"]

1. e4 e6 2. d4 d5 3. Nc3 Nf6 4. e5 Nfd7 5. f4 c5 6. Nf3 Nc6 7. Be3 Be7 8. Qd2
O-O 9. Be2 a6 10. O-O b5 11. a3 b4 12. Na4 cxd4 13. Nxd4 Nxd4 14. Bxd4 bxa3 15.
bxa3 Bb7 16. Rfb1 Qc7 17. Rb3 Bc6 18. Nb6 Nxb6 19. Qa5 Bb5 20. Rc3 Qd7 21. Bxb5
Qxb5 22. Qxb6 Qxb6 23. Bxb6 Rfc8 24. Bd4 Rxc3 25. Bxc3 Rc8 26. Bb4 Kf8 27. Ra2
Bxb4 28. axb4 Rc4 29. Rxa6 Rxb4 30. g3 Rc4 31. Ra2 Ke7 32. Kf2 g5 33. Ke3 gxf4+
34. gxf4 Re4+ 35. Kf3 Kf8 36. Ra8+ Kg7 37. Rc8 h6 38. Rc7 Kg6 39. c3 Ra4
1/2-1/2

[Event "DEM U12 2016"]
[Site "Willingen GER"]
[Date "2016.05.20"]
[Round "9"]
[White "Weihrauch, Jakob"]
[Black "Pahl, Erik"]
[Result "1-0"]
[Termination "normal"]
[Board "9"]
[WhiteElo "1856"]
[BlackElo "1631"]
[WhiteClock "00:48:04"]
[BlackClock "00:11:36"]
[PlyCount "61"]
[WhiteFideId "16210115"]
[BlackFideId "16201272"]
[EventCountry "GER"]
[EventRounds "11"]
[EventType "swiss"]
[EventDate "2016.05.14"]

1. e4 e5 2. Nf3 Nc6 3. d4 exd4 4. Nxd4 Bc5 5. Nf5 Qf6 6. Nc3 Nge7 7. Ne3 Bb4 8.
Bd2 Bxc3 9. Bxc3 Qg6 10. Bd3 b6 11. Qe2 Bb7 12. O-O O-O-O 13. b4 Nb8 14. f3
Rhe8 15. Qf2 Qh6 16. Ng4 Qg6 17. Ne5 Qe6 18. Bc4 d5 19. Bb3 Ng6 20. Nd3 f6 21.
Rfe1 Qd7 22. exd5 Rxe1+ 23. Nxe1 Bxd5 24. Rd1 Qf7 25. Qd2 Ne7 26. Bxf6 gxf6 27.
c4 Rd6 28. cxd5 c6 29. Qf4 Rd8 30. dxc6 Qf8 31. c7 1-0

[Event "DEM U12 2016"]
[Site "Willingen GER"]
[Date "2016.05.20"]
[Round "9"]
[White "Englert, Jon"]
[Black "Yi, Danny"]
[Result "1-0"]
[Termination "normal"]
[Board "10"]
[WhiteElo "1663"]
[BlackElo "1863"]
[PlyCount "71"]
[WhiteFideId "12992275"]
[BlackFideId "12988588"]
[EventCountry "GER"]
[EventRounds "11"]
[EventType "swiss"]
[EventDate "2016.05.14"]

1. e4 e5 2. Bc4 Nc6 3. Nc3 Nf6 4. d3 Bc5 5. f4 d6 6. Na4 Bxg1 7. Rxg1 Ng4 8. g3
Nxh2 9. Qh5 g6 10. Qxh2 Nd4 11. Qf2 Bg4 12. fxe5 Nf3+ 13. Kf1 Bh3+ 14. Rg2
Bxg2+ 15. Kxg2 Nxe5 16. Bb3 Qe7 17. Nc3 c6 18. Bd2 h5 19. Rh1 Ng4 20. Qf4 f6
21. Qxg4 hxg4 22. Rxh8+ Kd7 23. Rxa8 Qh7 24. Ne2 g5 25. Rf8 Qh6 26. Rf7+ Kc8
27. Bc3 f5 28. Rxf5 Kc7 29. Rf7+ Kb6 30. a4 a5 31. Bd4+ c5 32. Bg7 Qh5 33. Bd5
Ka6 34. Bxb7+ Kb6 35. Bd5 Ka6 36. Rf6 1-0

[Event "DEM U12 2016"]
[Site "Willingen GER"]
[Date "2016.05.20"]
[Round "9"]
[White "Pauls, Fynn"]
[Black "Li, Simon"]
[Result "1/2-1/2"]
[Termination "normal"]
[Board "12"]
[WhiteElo "1726"]
[BlackElo "1960"]
[PlyCount "102"]
[WhiteFideId "16213149"]
[BlackFideId "12972134"]
[EventCountry "GER"]
[EventRounds "11"]
[EventType "swiss"]
[EventDate "2016.05.14"]

1. Nf3 c5 2. c4 Nf6 3. Nc3 Nc6 4. d4 cxd4 5. Nxd4 g6 6. g3 d6 7. Bg2 Bd7 8. O-O
Bg7 9. Nc2 Be6 10. b3 O-O 11. Bb2 Qa5 12. Nb5 Rab8 13. Bc3 Qd8 14. Ncd4 Qd7 15.
Nxe6 Qxe6 16. Nd4 Nxd4 17. Bxd4 a6 18. Rc1 Rfd8 19. Qc2 b6 20. Rfd1 Rdc8 21.
Qd3 Nd7 22. Bd5 Qg4 23. Bxg7 Kxg7 24. Qf3 Ne5 25. Qxg4 Nxg4 26. h3 Nf6 27. f4
Rc5 28. Kf2 a5 29. g4 Rbc8 30. Bb7 R8c7 31. Ba6 d5 32. Kf3 Ne4 33. Rd4 Nd6 34.
Rcd1 dxc4 35. Bxc4 Nxc4 36. Rxc4 Rxc4 37. bxc4 Rxc4 38. Rb1 Ra4 39. Rb2 b5 40.
e3 Kf6 41. Rxb5 Rxa2 42. Rb6+ e6 43. g5+ Kg7 44. Rb8 a4 45. Ra8 a3 46. Kg3 Ra1
47. Kf3 a2 48. Ke4 h6 49. h4 h5 50. Ra7 Kf8 51. Ke5 Kg7 1/2-1/2

[Event "DEM U12 2016"]
[Site "Willingen GER"]
[Date "2016.05.20"]
[Round "9"]
[White "Krastev, Alexander"]
[Black "Breß, Aaron"]
[Result "0-1"]
[Termination "normal"]
[Board "13"]
[WhiteElo "1931"]
[BlackElo "1650"]
[PlyCount "94"]
[WhiteFideId "12989983"]
[BlackFideId "12996432"]
[EventCountry "GER"]
[EventRounds "11"]
[EventType "swiss"]
[EventDate "2016.05.14"]

1. e4 c6 2. d4 d5 3. Nc3 dxe4 4. Nxe4 Bf5 5. Ng3 Bg6 6. Nf3 Nd7 7. h4 h6 8. h5
Bh7 9. Bd3 Bxd3 10. Qxd3 e6 11. Bd2 Qc7 12. O-O-O Ngf6 13. Ne4 Nxe4 14. Qxe4
Nf6 15. Qe2 O-O-O 16. Kb1 Bd6 17. a3 Rhe8 18. Ne5 c5 19. c3 Bxe5 20. dxe5 Ng8
21. c4 Ne7 22. Bc3 Nf5 23. g4 Nd4 24. Qe4 Qc6 25. Qxc6+ Nxc6 26. b4 b6 27. b5
Nd4 28. Bxd4 cxd4 29. Kc2 Re7 30. Kd3 Rc7 31. Rde1 Kb7 32. Re4 Rcd7 33. f4 a6
34. bxa6+ Kxa6 35. Rb1 Ka7 36. f5 Ka6 37. a4 Ka7 38. Rf1 Ka6 39. f6 gxf6 40.
Rxf6 Ka5 41. Rxh6 Kxa4 42. Rf6 Kb4 43. Rff4 Kc5 44. g5 Ra8 45. Re1 Ra3+ 46. Ke4
d3 47. Rxf7 d2 0-1

[Event "DEM U12 2016"]
[Site "Willingen GER"]
[Date "2016.05.20"]
[Round "9"]
[White "Do, Nam"]
[Black "Kolb, Tobias"]
[Result "1-0"]
[Termination "normal"]
[Board "14"]
[WhiteElo "1890"]
[BlackElo "1535"]
[PlyCount "79"]
[WhiteFideId "12998885"]
[BlackFideId "12992321"]
[EventCountry "GER"]
[EventRounds "11"]
[EventType "swiss"]
[EventDate "2016.05.14"]

1. e4 e6 2. d4 d5 3. e5 b6 4. c3 Ne7 5. Na3 Qd7 6. Nf3 Ba6 7. Bxa6 Nxa6 8. O-O
Ng6 9. Nc2 Be7 10. Qd3 Nb8 11. Be3 O-O 12. Rae1 c5 13. Bd2 c4 14. Qe2 Qa4 15.
Be3 Qxa2 16. Rb1 Nc6 17. Qd2 Qa6 18. Bg5 Bxg5 19. Nxg5 h6 20. Nh3 Na5 21. f4
Ne7 22. Ne3 Nb3 23. Qc2 Qc8 24. f5 Nxf5 25. Nxf5 exf5 26. Rxf5 Nd2 27. Re1 Ne4
28. Ref1 Qc6 29. Nf2 Nxf2 30. Qxf2 Qg6 31. Qf4 Rae8 32. Rf3 Rd8 33. Rg3 Qh7 34.
h3 g6 35. Rh5 Kg7 36. Qf6+ Kg8 37. e6 Rd6 38. exf7+ Qxf7 39. Qxd6 Kh7 40. Rf3
1-0

[Event "DEM U12 2016"]
[Site "Willingen GER"]
[Date "2016.05.20"]
[Round "9"]
[White "Kosev, Momchil"]
[Black "Hundrieser, Malte"]
[Result "1-0"]
[Termination "normal"]
[Board "15"]
[WhiteElo "1778"]
[BlackElo "1845"]
[PlyCount "75"]
[WhiteFideId "12975982"]
[BlackFideId "12997153"]
[EventCountry "GER"]
[EventRounds "11"]
[EventType "swiss"]
[EventDate "2016.05.14"]

1. c4 e5 2. Nc3 Nc6 3. g3 g6 4. Bg2 Bg7 5. d3 Nf6 6. Nf3 O-O 7. O-O d6 8. Bd2
h6 9. a3 a5 10. Rb1 Be6 11. b4 axb4 12. axb4 Qd7 13. Qc2 Bh3 14. Rfc1 Bxg2 15.
Kxg2 Nh5 16. b5 Nd8 17. Nd5 f5 18. c5 Qf7 19. Qb3 dxc5 20. Rxc5 Ne6 21. Rcc1 e4
22. Ng1 Kh7 23. Bb4 Rfc8 24. Nxc7 Rxc7 25. Rxc7 Qxc7 26. Qxe6 exd3 27. exd3 f4
28. Qc4 Qd7 29. Re1 fxg3 30. hxg3 Qf5 31. g4 Qg5 32. Nh3 Nf4+ 33. Qxf4 Qxb5 34.
Re7 Qd5+ 35. Qf3 Qd4 36. Qe4 Qb2 37. Bd6 Ra2 38. Be5 1-0

[Event "DEM U12 2016"]
[Site "Willingen GER"]
[Date "2016.05.20"]
[Round "9"]
[White "Tham, Minh"]
[Black "Pubantz, Jan"]
[Result "0-1"]
[Termination "normal"]
[Board "16"]
[WhiteElo "1737"]
[BlackElo "1551"]
[PlyCount "98"]
[WhiteFideId "12997323"]
[BlackFideId "12996114"]
[EventCountry "GER"]
[EventRounds "11"]
[EventType "swiss"]
[EventDate "2016.05.14"]

1. e4 c6 2. Nc3 d5 3. Nf3 Bg4 4. h3 Bh5 5. exd5 cxd5 6. Bb5+ Nc6 7. g4 Bg6 8.
Ne5 Rc8 9. d4 e6 10. Be3 Bb4 11. Qd2 Qa5 12. Bxc6+ bxc6 13. O-O Ne7 14. a3 Bxc3
15. bxc3 f6 16. Nd3 Bxd3 17. cxd3 Ng6 18. f4 Qc7 19. Qf2 f5 20. Rfe1 O-O 21. g5
Rf7 22. h4 Nf8 23. a4 Qa5 24. Qc2 Nd7 25. Bc1 c5 26. dxc5 Qxc5+ 27. d4 Qxc3 28.
Qxc3 Rxc3 29. Bb2 Rc6 30. Ba3 Rc4 31. Rxe6 Rxa4 32. Re8+ Rf8 33. Rxf8+ Nxf8 34.
Bb2 Rxa1+ 35. Bxa1 Ne6 36. Kf2 Nxf4 37. Bc3 Kf7 38. Kf3 Ne6 39. Ke3 Kg6 40. Kf3
Kh5 41. Kg3 a6 42. Bb2 a5 43. Bc3 a4 44. Bb2 f4+ 45. Kh3 Nc7 46. Bc1 Nb5 47.
Bxf4 a3 48. Bc1 a2 49. Bb2 Na3 0-1

[Event "DEM U12 2016"]
[Site "Willingen GER"]
[Date "2016.05.20"]
[Round "9"]
[White "Hassemeier, Mika"]
[Black "Karl, Simon"]
[Result "1-0"]
[Termination "normal"]
[Board "17"]
[WhiteElo "1769"]
[BlackElo "1451"]
[PlyCount "53"]
[WhiteFideId "12994880"]
[BlackFideId "16217985"]
[EventCountry "GER"]
[EventRounds "11"]
[EventType "swiss"]
[EventDate "2016.05.14"]

1. e4 e6 2. d4 d5 3. Nc3 Nf6 4. Bg5 Bb4 5. e5 h6 6. Bd2 Nfd7 7. Qg4 g6 8. Bd3
Nf8 9. O-O-O c5 10. dxc5 Bxc5 11. f4 Nc6 12. h4 h5 13. Qf3 Nd4 14. Qf1 Qe7 15.
Nf3 Nxf3 16. Qxf3 b6 17. f5 gxf5 18. Bxf5 Bb7 19. Bd3 Ng6 20. Bxg6 fxg6 21. Qd3
Qg7 22. Rde1 O-O-O 23. Bg5 Be7 24. Bxe7 Qxe7 25. Nb5 Ba6 26. Nd6+ Qxd6 27.
Qxa6+ 1-0

[Event "DEM U12 2016"]
[Site "Willingen GER"]
[Date "2016.05.20"]
[Round "9"]
[White "Colbow, Collin"]
[Black "Deutsch, Christoph"]
[Result "1-0"]
[Termination "normal"]
[Board "18"]
[WhiteElo "1632"]
[BlackElo "1663"]
[PlyCount "39"]
[WhiteFideId "16201132"]
[BlackFideId "16206878"]
[EventCountry "GER"]
[EventRounds "11"]
[EventType "swiss"]
[EventDate "2016.05.14"]

1. e4 e5 2. Nf3 Nc6 3. Bc4 Bc5 4. c3 Nf6 5. d3 O-O 6. O-O d5 7. exd5 Nxd5 8.
Re1 Bg4 9. h3 Bh5 10. Nbd2 Nb6 11. Ne4 Bd6 12. Bb3 Re8 13. Ng3 Bg6 14. Ng5 Qd7
15. Qf3 h6 16. N5e4 Rad8 17. Bxh6 Na5 18. Nf6+ gxf6 19. Qxf6 Bf8 20. Qxg6+ 1-0

[Event "DEM U12 2016"]
[Site "Willingen GER"]
[Date "2016.05.20"]
[Round "9"]
[White "Haufe, Laurin"]
[Black "Kirchner, Markus"]
[Result "1/2-1/2"]
[Termination "normal"]
[Board "19"]
[WhiteElo "1575"]
[BlackElo "1642"]
[PlyCount "63"]
[WhiteFideId "12976504"]
[BlackFideId "12979163"]
[EventCountry "GER"]
[EventRounds "11"]
[EventType "swiss"]
[EventDate "2016.05.14"]

1. e4 e6 2. d4 d5 3. exd5 exd5 4. Nf3 Bd6 5. c4 c6 6. Nc3 Ne7 7. Bd3 dxc4 8.
Bxc4 O-O 9. O-O Bg4 10. Re1 Qc7 11. h3 Bh5 12. Ne4 Bb4 13. Bd2 Bxd2 14. Nexd2
Rd8 15. Nb3 a5 16. Re5 Bxf3 17. Qxf3 Ng6 18. Re4 a4 19. Nc5 b6 20. Rae1 bxc5
21. Re7 Nxe7 22. Qxf7+ Kh8 23. Rxe7 Qxe7 24. Qxe7 Nd7 25. dxc5 Nf6 26. Qe6 Rac8
27. Qe1 Rb8 28. b3 axb3 29. axb3 Re8 30. Qa5 Nd7 31. Qa7 Ne5 32. Qa6 1/2-1/2

[Event "DEM U12 2016"]
[Site "Willingen GER"]
[Date "2016.05.20"]
[Round "9"]
[White "Röhr, Oliver"]
[Black "Kostanyan, Hakob"]
[Result "1-0"]
[Termination "normal"]
[Board "20"]
[WhiteElo "1739"]
[BlackElo "1604"]
[PlyCount "73"]
[WhiteFideId "12987697"]
[BlackFideId "12977683"]
[EventCountry "GER"]
[EventRounds "11"]
[EventType "swiss"]
[EventDate "2016.05.14"]

1. e4 d6 2. d4 Nf6 3. Nc3 g6 4. Bc4 Bg7 5. Nf3 O-O 6. O-O c6 7. a3 b5 8. Ba2
Nbd7 9. Bg5 Bb7 10. Qd2 Qc7 11. Bh6 a6 12. Bxg7 Kxg7 13. Ng5 c5 14. Bxf7 Qc6
15. Bd5 Qc8 16. Ne6+ Kh8 17. Nxf8 Nxf8 18. Bxb7 Qxb7 19. e5 Nh5 20. exd6 exd6
21. dxc5 dxc5 22. Qd5 Qxd5 23. Nxd5 Ne6 24. Rfe1 Nd4 25. Rac1 Rd8 26. Nc7 Nf4
27. Kf1 a5 28. g3 Nh3 29. Re8+ Rxe8 30. Nxe8 Ng5 31. c3 Ndf3 32. Kg2 Nd2 33. b4
axb4 34. axb4 c4 35. Nd6 Nb3 36. Rc2 Kg7 37. Nxb5 1-0

[Event "DEM U12 2016"]
[Site "Willingen GER"]
[Date "2016.05.20"]
[Round "9"]
[White "Wensing, Jonathan"]
[Black "Lommel, Hagen"]
[Result "1/2-1/2"]
[Termination "normal"]
[Board "21"]
[WhiteElo "1578"]
[BlackElo "1619"]
[PlyCount "63"]
[WhiteFideId "16222482"]
[BlackFideId "12972380"]
[EventCountry "GER"]
[EventRounds "11"]
[EventType "swiss"]
[EventDate "2016.05.14"]

1. e4 c5 2. Nf3 e6 3. d4 cxd4 4. Nxd4 a6 5. Nc3 Qc7 6. Be3 Nf6 7. Bd3 Bb4 8.
Qd2 d5 9. f3 e5 10. Nde2 d4 11. Nxd4 exd4 12. Bxd4 Qd6 13. O-O-O Nc6 14. Be3
Be6 15. f4 Bxc3 16. Qxc3 Qb4 17. Qc5 Qxc5 18. Bxc5 Nd7 19. Bd6 O-O-O 20. f5
Bxa2 21. b3 Nf6 22. Bc5 Bxb3 23. cxb3 Ne5 24. Bb1 Rhe8 25. Rxd8+ Kxd8 26. Rd1+
Ned7 27. Re1 Ne5 28. h3 Nh5 29. Re3 Nf4 30. g4 f6 31. Kd2 Re7 32. Bb6+ 1/2-1/2

[Event "DEM U12 2016"]
[Site "Willingen GER"]
[Date "2016.05.20"]
[Round "9"]
[White "Breitzmann, Sander"]
[Black "Hetzner, Hannes"]
[Result "1/2-1/2"]
[Termination "normal"]
[Board "22"]
[WhiteElo "1582"]
[BlackElo "1319"]
[PlyCount "78"]
[WhiteFideId "12987085"]
[BlackFideId "16211936"]
[EventCountry "GER"]
[EventRounds "11"]
[EventType "swiss"]
[EventDate "2016.05.14"]

1. e4 e6 2. d4 d5 3. Nc3 Nc6 4. Nf3 Nf6 5. e5 Ne4 6. Bd3 Bb4 7. Bd2 Nxd2 8.
Qxd2 f6 9. exf6 Qxf6 10. O-O O-O 11. a3 Bd6 12. Rad1 Ne7 13. b4 c6 14. Rfe1 Ng6
15. Bxg6 Qxg6 16. Ne5 Bxe5 17. Rxe5 Rf5 18. Rde1 Bd7 19. Rxf5 exf5 20. Ne2 Re8
21. Nf4 Rxe1+ 22. Qxe1 Qe8 23. Kf1 Qe4 24. Qxe4 fxe4 25. h3 Kf7 26. Ne2 Bf5 27.
g4 Bg6 28. Nf4 Kf6 29. Nxg6 Kxg6 30. Kg2 Kf6 31. Kg3 g5 32. h4 h6 33. h5 Ke6
34. f3 exf3 35. Kxf3 Kd6 36. Ke3 b6 37. a4 a6 38. c3 c5 39. Kd3 c4+ 1/2-1/2

[Event "DEM U12 2016"]
[Site "Willingen GER"]
[Date "2016.05.20"]
[Round "9"]
[White "Popist, Florian"]
[Black "Gallasch, Jonas"]
[Result "1-0"]
[Termination "normal"]
[Board "23"]
[WhiteElo "1689"]
[BlackElo "1564"]
[PlyCount "65"]
[WhiteFideId "16203518"]
[BlackFideId "16222474"]
[EventCountry "GER"]
[EventRounds "11"]
[EventType "swiss"]
[EventDate "2016.05.14"]

1. e4 c6 2. d4 d5 3. f3 dxe4 4. fxe4 e5 5. Nf3 Bg4 6. Bc4 Nf6 7. Bxf7+ Ke7 8.
Bb3 Bxf3 9. Qxf3 Qxd4 10. Nc3 Na6 11. Be3 Qd7 12. Qg3 Re8 13. Rd1 Qc7 14. O-O
Rd8 15. Kh1 Ke8 16. Qh3 Bc5 17. Bg5 Be7 18. Qe6 Rf8 19. Bxf6 gxf6 20. Nd5 cxd5
21. Ba4+ Rd7 22. Rxd5 Nc5 23. Rxc5 Qxc5 24. Rd1 b5 25. Qxd7+ Kf7 26. Bb3+ Kg7
27. Qg4+ Kh8 28. Qe6 a5 29. a4 bxa4 30. Bxa4 Qf2 31. Qxe7 Rg8 32. Rg1 Rxg2 33.
Qf8+ 1-0